Sammy keyes and the skeleton man / (Record no. 4009)

MARC details
000 -LEADER
fixed length control field 00851nam a22002657a 4500
001 - CONTROL NUMBER
control field 4009
003 - CONTROL NUMBER IDENTIFIER
control field FISKH
005 - DATE AND TIME OF LATEST TRANSACTION
control field 20240530101411.0
008 - FIXED-LENGTH DATA ELEMENTS--GENERAL INFORMATION
fixed length control field 240530b cb ||||| |||| 00| 0 eng d
020 ## - INTERNATIONAL STANDARD BOOK NUMBER
International Standard Book Number 0439065089
040 ## - CATALOGING SOURCE
Original cataloging agency FISKH
Language of cataloging eng
Transcribing agency FISKH
Modifying agency FISKH
050 ## - LIBRARY OF CONGRESS CALL NUMBER
Classification number PZ7.D779
082 ## - DEWEY DECIMAL CLASSIFICATION NUMBER
Classification number 813.54
100 ## - MAIN ENTRY--PERSONAL NAME
Personal name Draanen Van Wendelin
Dates associated with a name 1965-
245 ## - TITLE STATEMENT
Title Sammy keyes and the skeleton man /
Statement of responsibility, etc. Wendelin Van Draanen
260 ## - PUBLICATION, DISTRIBUTION, ETC.
Place of publication, distribution, etc. New York :
Name of publisher, distributor, etc. Scholastic,
Date of publication, distribution, etc. 1999
300 ## - PHYSICAL DESCRIPTION
Extent 172 pages :
Dimensions 20 cm
505 ## - FORMATTED CONTENTS NOTE
Formatted contents note O<br/>
520 ## - SUMMARY, ETC.
Summary, etc. On Halloween night, seventh grader Sammy stumbles onto a mystery involving a twenty-year-old family feud and some heirlooms stolen by a man in a skeleton costume.<br/>
521 8# - TARGET AUDIENCE NOTE
Target audience note 820<br/>
Source Lexile<br/>
521 8# - TARGET AUDIENCE NOTE
Target audience note O<br/>
Source Raz-Plus<br/>
700 ## - ADDED ENTRY--PERSONAL NAME
Personal name Wendelin Van Draanen
942 ## - ADDED ENTRY ELEMENTS (KOHA)
Source of classification or shelving scheme Dewey Decimal Classification
Koha item type Books
Suppress in OPAC No
Holdings
Withdrawn status Lost status Source of classification or shelving scheme Damaged status Not for loan Collection Home library Current library Shelving location Date acquired Total Checkouts Full call number Barcode Date last seen Date last checked out Copy number Price effective from Koha item type
    Dewey Decimal Classification     Fiction Footprints International School Library Network Toul Tom Poung Campus Footprints International School Library Network Toul Tom Poung Campus TTP Secondary Fiction Bookshelves 05/30/2024 1 DRA PZ7.D779 813.54 2024-0760 11/10/2025 10/31/2025 1 05/30/2024 Books